LEADER 01081nam a2200241 i 4500 001 000000167633 003 CaOOAMICUS 005 20071206000000.0 008 071206s1946 it u000 u ita u 013 $a145032 040 $aSeMil$bita 100 1 $aAlfonsi, Luigi <1917-1987>.$0(OLS)http://semarc/name/15553 245 10$aAlbio Tibullo e gli autori del Corpus Tibullianum /$cLuigi Alfonsi. 260 $aMilano :$bVita e Pensiero,$c1946. 300 $aVIII, 100 p. ;$c25 cm. 490 0 $aPubblicazioni dell'Università Cattolica del S. Cuore. N.s ;$v13. 600 04$aTibullo, Albio .$0(OLS)http://semarc/subject/53401 830 0$aPubblicazioni dell'Università cattolica del Sacro Cuore. Nuova serie ;$v13.$0(OLS)http://semarc/title/41025 850 $aSeMil 852 $aSeMil$W1$xVenegono$y1$m1Z V 38$j118784$B118784$CSeMilBibl$Z2$F129967 $81 961 $aRecupero: Altro 996 $6245$aAlbio Tibullo e gli autori del Corpus Tibullianum$9(OLS)http://semarc/title/239837 996 $6260$aMilano :$bVita e Pensiero$9(OLS)http://semarc/publisher/29642 LEADER 00778nas a2200181 i 4500 001 000000008906 003 CaOOAMICUS 005 20180830125439.0 008 180830n fr u0 und u 040 $aSeMil$bita 245 10$aParcours :$bla bibliothèque de formation chrétienne /$ccollection dirigèe par Bruno Chenu ... [et al.]. 260 $aMontreal :$bÉditions Paulines,$c[19--] 260 $aParis :$bCenturion,$c[19--] 300 $av. ;$c21 cm. 700 1 $aChenu, Bruno <1942-2003>.$0(OLS)http://semarc/name/3735 996 $6245$aParcours :$bla bibliothèque de formation chrétienne$9(OLS)http://semarc/title/11777 996 $6260$aParis :$bCenturion$9(OLS)http://semarc/publisher/32415 996 $6260$aMontreal :$bÉditions Paulines$9(OLS)http://semarc/publisher/32416